FOUNDATION ENGINEERING ANALYSIS DESIGN / (Record no. 589367)
[ view plain ]
| 000 -LEADER | |
|---|---|
| fixed length control field | 00337nam a22001337a 4500 |
| 020 ## - INTERNATIONAL STANDARD BOOK NUMBER | |
| Qualifying information | HB. |
| 040 ## - CATALOGING SOURCE | |
| Transcribing agency | FIZZA ISHAQ |
| 082 ## - DEWEY DECIMAL CLASSIFICATION NUMBER | |
| Classification number | 624.15 |
| Author Mark | ANB |
| 100 ## - MAIN ENTRY--PERSONAL NAME | |
| Personal name | HAUNG,BIN AN. |
| 9 (RLIN) | 91204 |
| 245 ## - TITLE STATEMENT | |
| Title | FOUNDATION ENGINEERING ANALYSIS DESIGN / |
| Statement of responsibility, etc. | AN BIN HAUNG. |
| 260 ## - PUBLICATION, DISTRIBUTION, ETC. | |
| Place of publication, distribution, etc. | NEW YORK ; |
| Name of publisher, distributor, etc. | CRC PRESS, |
| Date of publication, distribution, etc. | 2018. |
| 300 ## - PHYSICAL DESCRIPTION | |
| Extent | 601 P. ; |
| 942 ## - ADDED ENTRY ELEMENTS (KOHA) | |
| Source of classification or shelving scheme | |
| Koha item type | Book |
| Withdrawn status | Lost status | Source of classification or shelving scheme | Damaged status | Not for loan | Permanent Location | Current Location | Date acquired | Total Checkouts | Full call number | Barcode | Date last seen | Price effective from | Koha item type |
|---|---|---|---|---|---|---|---|---|---|---|---|---|---|
| NUST Baluchistan Campus (NBC) | NUST Baluchistan Campus (NBC) | 04/25/2022 | 624.15 ANB | Q-3046 | 04/25/2022 | 04/25/2022 | Book | ||||||
| NUST Baluchistan Campus (NBC) | NUST Baluchistan Campus (NBC) | 04/25/2022 | 624.15 ANB | 04/25/2022 | 04/25/2022 | Book |
